00502nam a2200193 a 4500001001300000003000900013005001700022008004100039020000800080082001500088100001700103245003400120260004000154300000800194500003500202505003400237650002000271700001700291nice12345678IN_TiNIC20260116011510.0050524s0000 dela grp 000 0 urd  ac100a297.2bILA aIlahi, Ashiq aFazael-E-Ummat-E-Muhammadiyya aDelhibIdara Ishaat-E-Diniyatc0000 a64p aincludes index and biblioraphy2 ascn book club study project.3 aIslam-Doctrines1 aIlahi, Ashiq